000 00461nam a2200157Ia 4500
008 210716s1997 xx 000 0 und d
020 _a0874118808
041 _aeng
082 _a658.15 GARR
100 _aGarg, Ramesh;Guithues, Henry J;Pyun, Chong S;Shin, Tai S;Kim, Suk H.
245 _aBasics of financial management.
250 _a1
260 _aNew York
_bCopley Publishing Group
_c1997
300 _avii,400
650 _aFinancial Management(658.15)
999 _c203025
_d203025